Entre letras : actividades de prácticas del lenguaje /

Guardado en:
Autor Principal: Braverman, Andrea, 2016.
Formato: Libro
Idioma:Undetermined
Publicado: Buenos Aires : Santillana, 2016.
Edición:1era ed.
Materias:
Etiquetas: Agregar Etiqueta
Sin Etiquetas, Sea el primero en etiquetar este registro!
LEADER 00807nam a22002055a 4500
001 CEM.cems025174
008 260513s2016####ag#a##########000#0#und#d
005 20260513084026.0
245 1 0 |a Entre letras :  |b actividades de prácticas del lenguaje /  |c Andrea Braverman. 
250 |a 1era ed. 
260 |a Buenos Aires :  |b Santillana,  |c 2016. 
300 |a 160 p. :  |b il. ;  |c 27 cm. 
505 0 |a Texto de origen oral -- Textos explicativos -- Cuentos de terror -- Textos periodísticos -- Romance poema y canción -- Texto argumentativos -- El teatro -- Textos instruccionales -- 
020 |a 9789504650805 
100 1 |a Braverman, Andrea,  |d 2016. 
082 0 4 |a 468 
653 |a Lengua y literatura 
653 |a Prácticas del lenguaje 
653 |a Lengua 
859 |a CEMS  |b BIB. CEMS - Agricultura  |h 468  |i B739  |p A4148.26  |t Ej.1